Romancero general o colección de romances castellanos anteriores al siglo XVIII

Salvato in:
Dettagli Bibliografici
Natura: Libro
Lingua:Spanish
Pubblicazione: Madrid, España Rivadeneyra 1882
Serie:Biblioteca de autores españoles, desde la formación del lenguaje hasta nuestros días
Soggetti:
Accesso online:Acceso al texto completo
Tags: Aggiungi Tag
Nessun Tag, puoi essere il primo ad aggiungerne!!

MARC

LEADER 00000nam a2200000Ia 4500
008 171122b xxu||||| |||| 00| 0 spa d
040 |a cru BVZT 
090 |a R-413 R-1r V.II BAE 
245 |a Romancero general o colección de romances castellanos anteriores al siglo XVIII  |c Manuel Rivadeneya, editor ; Agustín Durán, compilador 
260 |a Madrid, España 
260 |b Rivadeneyra 
260 |c 1882 
300 |a XII, 736 páginas  |b Volumen II 
490 |a Biblioteca de autores españoles, desde la formación del lenguaje hasta nuestros días 
500 |a Anteriores al siglo XVIII 
650 |a REFERENCIA 
650 |a ROMANCES 
650 |a HISTORIA 
650 |a TRADICIONES 
650 |a ESPAÑA 
856 |u https://babel.hathitrust.org/cgi/pt?id=ucm.5319389094;view=1up;seq=7  |y Acceso al texto completo  |z El enlace electrónico al texto completo difiere en el año al material impreso localizado en la biblioteca 
942 |c REF 
999 |c 14850  |d 14850